00670 2200301 4500001002100000008004100021035002000062245007500082100001600157110000600173250000600179260003100185300001700216020000600233022000600239024000600245084001600251520000600267082001100273650002400284863000600308990000900314990000900323990000900332990000900341990000900350990000900359INLIS000000000000757 ind  a0010-0320000061 aAlat industri kimia x Kimia industribalat indudtri kimiacKemendikbud aKemendikbud a0 a1 aJakartabKemendikbudc2014 a210halc23cm a0 a0 a0 a660.02KEMa1 a0 a660.02 aalat indudtri kimia a0 a7528 a7529 a7529 a7528 a7528 a7529